Cooking with CSound /

Bibliographic Details
Main Author: Horner, Andrew
Other Authors: Ayers, Lydia
Format: Software eBook
Language:English
Published: Middleton, Wisc. : A-R Editions, [2002-]
Series:Computer music and digital audio series ; v. 18.
Subjects:

MARC

Tag First Indicator Second Indicator Subfields
LEADER 00000cam a2200000 a 4500
001 in00003345607
005 20151206090713.0
007 co ng|---aaaaa
008 020815m20029999wiua b 001 0 eng c
020 |a 0895795078 
020 |a 9780895795076 
035 |a (OCoLC)ocm50766499 
040 |a COO  |c COO  |d YDX  |d TXA  |d UtOrBLW 
049 |a TXAM 
090 |a MT723  |b .H67 2002 
100 1 |a Horner, Andrew. 
245 1 0 |a Cooking with CSound /  |c Andrew Horner, Lydia Ayers. 
264 1 |a Middleton, Wisc. :  |b A-R Editions,  |c [2002-] 
264 4 |c ©2002- 
300 |a volumes :  |b illustrations ;  |c 24 cm. +  |e 1 computer optical disc (4 3/4 in.). 
336 |a text  |b txt  |2 rdacontent 
337 |a computer  |b c  |2 rdamedia 
338 |a computer disc  |b cd  |2 rdacarrier 
490 1 |a The computer music and digital audio series ;  |v v. 18 
505 0 |a Pt. 1. Woodwind and brass recipes. 
650 0 |a CSound (Computer program language) 
650 0 |a Computer music  |v Instruction and study. 
700 1 |a Ayers, Lydia. 
830 0 |a Computer music and digital audio series ;  |v v. 18. 
945 |a PromptCat 
948 |a cataloged  |b h  |c 2014/1/3  |d c  |e dmitchel  |f 10:10:10 am 
994 |a C0  |b TXA 
999 |a MARS 
999 f f |s 4f33c770-4b11-38c6-b173-46c54d8c2cd0  |i 926289a2-fc14-3a5e-b1c5-ab065c8d956c  |t 0 
952 f f |p normal  |a Texas A&M University  |b College Station  |c Sterling C. Evans Library  |d Evans: Library Stacks  |t 0  |e MT723 .H67 2002  |h Library of Congress classification  |i computer -- computer disc  |k pt.1  |m A14842146772 
998 f f |a MT723 .H67 2002  |s pt.1  |t 0  |l Evans: Library Stacks